| 000 | 00537nam a22001577a 4500 | ||
|---|---|---|---|
| 003 | NUST | ||
| 082 | _a200 | ||
| 100 |
_aKHAN, MADIHA AZIZ _9118448 |
||
| 245 |
_aTrade Credit and Bank Loan Around Financial Crisis: Study on Emerging Markets/ _cMADIHA AZIZ KHAN, |
||
| 264 |
_aIslamabad : _bNBS, NUST, _c2023. |
||
| 300 |
_a43 p. ; _c30 cm. |
||
| 650 |
_aMS- Finance and Investment _9126324 |
||
| 700 |
_aSupervisor: DR. ZAHID IRSHAD YOUNAS _9118450 |
||
| 856 | _uhttp://10.250.8.41:8080/xmlui/handle/123456789/37416 | ||
| 942 |
_2ddc _cSC |
||
| 999 |
_c603394 _d603394 |
||